000 00739nam a2200265Ia 4500
005 20260302115807.0
008 008 260114s9999 xx 000 0 eng d
020 _a9781509946495
037 _aTextbook
040 _aCRL
040 _beng
040 _cCRL
041 _2eng
041 _aeng
084 _qCRL
100 _aMichiel Luchtman, Katalin Ligeti and John Vervaele
_91122681
245 0 _aEU Enforcement Authorities Punitive Law Enforcement in a Composite Legal Order
260 _bBloomsbury
260 _bHart Publishing
260 _c2023
650 _aLaw
856 _uhttps://doi.org/10.5040/9781509946495?locatt=label:secondary_bloomsburyCollections
942 _cEBOOK
999 _c1687482
_d1687482